[Event "Titled Tuesday intern op 30th Apr Early"]
[Site "Chess.com INT"]
[Date "2024.04.30"]
[Round "10"]
[White "Barwinska, Ewa"]
[Black "Clawitter, Craig"]
[Result "1-0"]
[WhiteElo "2106"]
[BlackElo "2050"]
[PlyCount "35"]
[EventDate "2024.04.30"]
[EventType "swiss (blitz)"]
[EventRounds "11"]
[EventCountry "USA"]
[SourceTitle "CB19_2024"]
[SourceDate "2024.05.08"]
[SourceVersion "1"]
[SourceVersionDate "2024.05.08"]
[SourceQuality "1"]

1. e4 e6 2. c3 d5 3. exd5 exd5 4. d4 Bd6 5. Bd3 Nc6 6. Ne2 Qh4 7. Nd2 Bg4 8. h3 Nf6 9. Rf1 Bd7 10. Nf3 Qh5 11. Nf4 Bxf4 12. Bxf4 0-0-0 13. Qc2 Rhe8+ 14. Be3 Bxh3 15. Rh1 Qg4 16. Rxh3 Qxg2 17. Bf5+ Kb8 18. 0-0-0 1-0

[Event "Titled Tuesday intern op 30th Apr Early"]
[Site "Chess.com INT"]
[Date "2024.04.30"]
[Round "9"]
[White "Barwinska, Ewa"]
[Black "Kushch, Nikolai"]
[Result "0-1"]
[WhiteElo "2106"]
[BlackElo "2334"]
[PlyCount "134"]
[EventDate "2024.04.30"]
[EventType "swiss (blitz)"]
[EventRounds "11"]
[EventCountry "USA"]
[SourceTitle "CB19_2024"]
[SourceDate "2024.05.08"]
[SourceVersion "1"]
[SourceVersionDate "2024.05.08"]
[SourceQuality "1"]

1. e4 c6 2. c3 d5 3. exd5 cxd5 4. d4 Nc6 5. Bd3 Nf6 6. Bf4 e6 7. Nf3 Bd6 8. Ne5 0-0 9. 0-0 Qc7 10. Re1 Rb8 11. Qf3 Re8 12. Qh3 Ne7 13. Bg5 Ng6 14. Bxf6 gxf6 15. Ng4 Qe7 16. Nh6+ Kh8 17. Nf5 Qf8 18. Nxd6 Qxd6 19. Nd2 Kg7 20. Nf3 Bd7 21. Nh4 Qf4 22. g3 Qh6 23. Qg2 Nxh4 24. gxh4+ Kh8 25. Kh1 Qxh4 26. Qf3 Rg8 27. Rg1 f5 28. Qe3 Qf6 29. Rg3 Rxg3 30. fxg3 b5 31. Rf1 Rg8 32. a3 a6 33. Be2 Qg7 34. Qf4 Be8 35. Qd6 a5 36. Qf4 Qf6 37. Re1 Qe7 38. Bf3 b4 39. Bxd5 Qd7 40. Bg2 bxc3 41. bxc3 Qc8 42. Qe5+ Rg7 43. h4 Qxc3 44. h5 Qxg3 45. h6 Qxe5 46. Rxe5 Rg6 47. Rxa5 Rxh6+ 48. Kg1 Rh4 49. Ra8 Kg7 50. Rxe8 Rxd4 51. Ra8 e5 52. Kf2 e4 53. a4 f4 54. a5 f5 55. Ra7+ Kg6 56. a6 Rd2+ 57. Kf1 f3 58. Bh3 e3 59. Ke1 Rh2 60. Bf1 Ra2 61. Kd1 Ra1+ 62. Kc2 e2 63. Bxe2 fxe2 64. Re7 e1Q 65. Rxe1 Rxe1 66. Kb2 Re6 67. a7 Ra6 0-1

[Event "Katowice Silesia 100th Ann op"]
[Site "Katowice"]
[Date "2024.04.27"]
[Round "3"]
[White "Jakubowski, Krzysztof"]
[Black "Barwinska, Ewa"]
[Result "1-0"]
[WhiteElo "2462"]
[BlackElo "2106"]
[PlyCount "67"]
[EventDate "2024.04.27"]
[EventType "swiss (rapid)"]
[EventRounds "11"]
[EventCountry "POL"]
[SourceTitle "CB19_2024"]
[SourceDate "2024.05.08"]
[SourceVersion "1"]
[SourceVersionDate "2024.05.08"]
[SourceQuality "1"]

1. c4 c5 2. Nc3 Nc6 3. g3 g6 4. Bg2 Bg7 5. d3 Nh6 6. h4 Nf5 7. h5 Qc7 8. g4 Nh6 9. e4 d6 10. g5 Ng8 11. Be3 e6 12. Nge2 Nge7 13. Qd2 a6 14. f4 Rb8 15. h6 Bd4 16. 0-0 b5 17. Bf2 e5 18. Nxd4 Nxd4 19. fxe5 dxe5 20. Bg3 Be6 21. Nd5 Qd6 22. Nf6+ Kf8 23. cxb5 axb5 24. Kh2 Ng8 25. Qa5 Nxf6 26. Rxf6 Nc6 27. Qc3 Ke7 28. Raf1 Qd4 29. Bh3 Qxc3 30. bxc3 Bxa2 31. Bf2 Na5 32. Bxc5+ Ke8 33. Ra6 Nb3 34. Bd6 1-0

[Event "Titled Tuesday intern op 06th Feb Early"]
[Site "Chess.com INT"]
[Date "2024.02.06"]
[Round "2"]
[White "Barwinska, Ewa"]
[Black "Doshi, Moksh Amitbhai"]
[Result "0-1"]
[WhiteElo "2109"]
[BlackElo "2353"]
[PlyCount "34"]
[EventDate "2024.02.06"]
[EventType "swiss (blitz)"]
[EventRounds "11"]
[EventCountry "USA"]
[SourceTitle "CB07_2024"]
[SourceDate "2024.02.14"]
[SourceVersion "1"]
[SourceVersionDate "2024.02.14"]
[SourceQuality "1"]

1. e4 e6 2. d4 d5 3. exd5 exd5 4. Bd3 Bd6 5. Ne2 Nc6 6. c3 Nf6 7. Bg5 h6 8. Bh4 0-0 9. 0-0 Bxh2+ 10. Kxh2 Ng4+ 11. Kg3 g5 12. Bxg5 Qxg5 13. f4 Qg7 14. Kf3 Re8 15. g3 Ne3 16. Qe1 Qg4+ 17. Kf2 Qh3 0-1

[Event "Rilton Cup 51st"]
[Site "Stockholm"]
[Date "2024.01.04"]
[Round "8"]
[White "Barwinska, Ewa"]
[Black "Paprocki, Jaroslaw"]
[Result "1-0"]
[WhiteElo "2084"]
[BlackElo "2163"]
[PlyCount "95"]
[EventDate "2023.12.27"]
[EventType "swiss"]
[EventRounds "9"]
[EventCountry "SWE"]
[SourceTitle "CB02_2024"]
[SourceDate "2024.01.10"]
[SourceVersion "1"]
[SourceVersionDate "2024.01.10"]
[SourceQuality "1"]

1. e4 c5 2. Nf3 e6 3. d4 cxd4 4. Nxd4 Nc6 5. Nc3 Qc7 6. Be2 a6 7. 0-0 Nf6 8. Be3 d6 9. f4 Be7 10. Bf3 Na5 11. Bf2 g6 12. Qd3 e5 13. Nde2 Be6 14. b3 Nc6 15. a3 exf4 16. Nxf4 Ne5 17. Qe3 Rc8 18. Ncd5 Nxd5 19. exd5 Bg4 20. Bxg4 Nxg4 21. Qd4 Bf6 22. Rae1+ Ne5 23. c4 0-0 24. Qd2 Nd7 25. Kh1 b5 26. Rc1 Nc5 27. Qe3 Rfe8 28. Qf3 Ne4 29. Be3 Bb2 30. Rc2 Ng5 31. Qg3 Ne4 32. Qf3 Ng5 33. Qg3 Ne4 34. Qg4 Bg7 35. Ne6 fxe6 36. Qxe4 Qb7 37. Re2 exd5 38. Qd3 bxc4 39. bxc4 dxc4 40. Qxd6 Rcd8 41. Bg5 Qf7 42. Rxe8+ Rxe8 43. Kg1 Be5 44. Qd1 Qb7 45. h4 Qe4 46. Qa4 Bg3 47. Qd7 Qe6 48. Rf8+ 1-0

[Event "Titled Tuesday intern op 19th Dec Early"]
[Site "Chess.com INT"]
[Date "2023.12.19"]
[Round "6"]
[White "Barwinska, Ewa"]
[Black "Kanyamarala, Trisha"]
[Result "0-1"]
[WhiteElo "2084"]
[BlackElo "2184"]
[PlyCount "46"]
[EventDate "2023.12.19"]
[EventType "swiss (blitz)"]
[EventRounds "11"]
[EventCountry "USA"]
[SourceTitle "CB52_2023"]
[SourceDate "2023.12.27"]
[SourceVersion "1"]
[SourceVersionDate "2023.12.27"]
[SourceQuality "1"]

1. e4 c5 2. Nf3 d6 3. d4 cxd4 4. Nxd4 Nf6 5. Nc3 Nc6 6. Bg5 e6 7. Qd2 a6 8. 0-0-0 Bd7 9. f4 b5 10. Nxc6 Bxc6 11. Bd3 Qb6 12. Rhe1 b4 13. Bxf6 gxf6 14. Nd5 Qd8 15. Nxb4 Bd7 16. Nxa6 Qb6 17. Qc3 Rxa6 18. Bxa6 Qxa6 19. Qxf6 Rg8 20. a3 Rxg2 21. Rd3 Qc4 22. Rc3 Qa2 23. Rc8+ Bxc8 0-1

[Event "Worclaw Litwinska Memorial KO"]
[Site "Wroclaw"]
[Date "2023.12.17"]
[Round "1.1"]
[White "Narva, Mai"]
[Black "Barwinska, Ewa"]
[Result "1/2-1/2"]
[WhiteElo "2403"]
[BlackElo "2084"]
[PlyCount "132"]
[EventDate "2023.12.17"]
[EventType "k.o. (rapid)"]
[EventRounds "4"]
[EventCountry "POL"]
[SourceTitle "CB52_2023"]
[SourceDate "2023.12.27"]
[SourceVersion "1"]
[SourceVersionDate "2023.12.27"]
[SourceQuality "1"]

1. e4 c5 2. Nf3 d6 3. d4 cxd4 4. Nxd4 Nf6 5. Nc3 a6 6. Be3 e5 7. Nb3 Be6 8. Be2 Be7 9. Qd3 b5 10. a4 b4 11. Nd5 Bxd5 12. exd5 Nbd7 13. a5 Nc5 14. Qc4 Qc8 15. 0-0 0-0 16. Rfd1 Rd8 17. Qxb4 Rb8 18. Qc4 Rb5 19. Nxc5 dxc5 20. Qc3 Nxd5 21. Qxe5 Bf6 22. Qe4 Rb4 23. Qf3 Nxe3 24. Rxd8+ Qxd8 25. Qxe3 Bd4 26. Rd1 Qb8 27. Qf3 Rxb2 28. c3 Bf6 29. Bxa6 h6 30. Bc4 Rc2 31. a6 Rxc3 32. Qd5 Qa7 33. Rb1 Ra3 34. h3 Rxa6 35. Bxa6 Qxa6 36. Qxc5 Qd3 37. Re1 Kh7 38. Qc7 Qd5 39. Rb1 Be5 40. Qc2+ g6 41. Qe2 Bg7 42. Qe3 Bf6 43. Re1 Bg7 44. Qf4 Bc3 45. Re7 Kg7 46. g3 Bf6 47. Re1 Bc3 48. Rb1 Be5 49. Qe3 Bf6 50. h4 Qf5 51. Rb8 Qd7 52. Qe4 Qd1+ 53. Kg2 Qd7 54. Rb7 Qd6 55. Qc4 Qf8 56. Qc7 Qe8 57. Kh2 Bd4 58. Qf4 Bf6 59. Rb8 Qe7 60. Qc4 Qa7 61. Qf4 g5 62. hxg5 hxg5 63. Qd6 Qxf2+ 64. Kh1 Qf1+ 65. Kh2 Qf2+ 66. Kh1 Qf1+ 1/2-1/2

[Event "Wch U18 Girls"]
[Site "Montesilvano"]
[Date "2023.11.20"]
[Round "7"]
[White "Barwinska, Ewa"]
[Black "Kurmangaliyeva, Liya"]
[Result "0-1"]
[WhiteElo "1974"]
[BlackElo "2236"]
[PlyCount "102"]
[EventDate "2023.11.13"]
[EventType "swiss"]
[EventRounds "11"]
[EventCountry "ITA"]
[SourceTitle "CB48_2023"]
[SourceDate "2023.11.29"]
[SourceVersion "1"]
[SourceVersionDate "2023.11.29"]
[SourceQuality "1"]

1. e4 c5 2. Nf3 e6 3. d3 Nc6 4. g3 d6 5. Bg2 Nf6 6. 0-0 Be7 7. Re1 0-0 8. c3 e5 9. a3 h6 10. b4 a6 11. Bb2 Re8 12. Nbd2 Bf8 13. Nf1 Bd7 14. Ne3 Rc8 15. h4 b5 16. Nh2 a5 17. Nd5 Be6 18. Nf1 axb4 19. axb4 cxb4 20. Nxb4 Nxb4 21. cxb4 d5 22. exd5 Nxd5 23. Rxe5 Nxb4 24. d4 Qd7 25. Bf3 Bd6 26. Re2 Bc4 27. Rxe8+ Rxe8 28. Qd2 Nd3 29. Ne3 Bxg3 30. fxg3 Nxb2 31. Kh2 Nd3 32. d5 Qe7 33. Nxc4 bxc4 34. Ra4 Qc5 35. d6 Rd8 36. Be4 Ne5 37. Ra5 Ng4+ 38. Kg2 c3 39. Qa2 Qxd6 40. Ra8 Nf6 41. Qa5 Rxa8 42. Qxa8+ Qf8 43. Qc6 Nxe4 44. Qxe4 Qc8 45. Qc2 Qb7+ 46. Kh3 Qd7+ 47. g4 Qd2 48. Qf5 g6 49. Qc8+ Kg7 50. g5 hxg5 51. hxg5 c2 0-1

[Event "Wch U18 Girls"]
[Site "Montesilvano"]
[Date "2023.11.18"]
[Round "6"]
[White "Barwinska, Ewa"]
[Black "Cornileau, Juliette"]
[Result "1-0"]
[WhiteElo "1974"]
[BlackElo "2089"]
[PlyCount "101"]
[EventDate "2023.11.13"]
[EventType "swiss"]
[EventRounds "11"]
[EventCountry "ITA"]
[SourceTitle "CB48_2023"]
[SourceDate "2023.11.29"]
[SourceVersion "1"]
[SourceVersionDate "2023.11.29"]
[SourceQuality "1"]

1. e4 c5 2. Nf3 Nc6 3. Bb5 g6 4. Bxc6 dxc6 5. d3 Bg7 6. h3 e5 7. Be3 Qe7 8. Nc3 Nf6 9. Qd2 Nd7 10. Bh6 f6 11. Nh2 Nf8 12. Bxg7 Qxg7 13. f4 Ne6 14. Ne2 exf4 15. Nxf4 Qc7 16. 0-0 0-0 17. Nxe6 Bxe6 18. Qc3 Qe7 19. Rf2 b5 20. b3 c4 21. bxc4 Qc5 22. Raf1 bxc4 23. d4 Qe7 24. Nf3 f5 25. Re1 fxe4 26. Rxe4 Qf6 27. Ree2 Bd5 28. Ne5 Qg5 29. Nxc4 Rab8 30. Ne3 Bf3 31. Re1 Be4 32. Ref1 Rxf2 33. Rxf2 Qg3 34. Qc4+ Kh8 35. Nf1 Qg5 36. Qe2 Bd5 37. c4 Bg8 38. h4 Qa5 39. Qe7 h6 40. Qd6 Qd8 41. Qe5+ Kh7 42. h5 Bxc4 43. hxg6+ Kxg6 44. Rf3 Rb7 45. Ne3 Bd3 46. Rh3 Qf8 47. Ng4 Qf1+ 48. Kh2 Rh7 49. Rg3 Qe2 50. Qf6+ Kh5 51. Rh3+ 1-0

[Event "Wch U18 Girls"]
[Site "Montesilvano"]
[Date "2023.11.17"]
[Round "5"]
[White "Tikvesli, Ceylin"]
[Black "Barwinska, Ewa"]
[Result "0-1"]
[WhiteElo "1736"]
[BlackElo "1974"]
[PlyCount "84"]
[EventDate "2023.11.13"]
[EventType "swiss"]
[EventRounds "11"]
[EventCountry "ITA"]
[SourceTitle "CB48_2023"]
[SourceDate "2023.11.29"]
[SourceVersion "1"]
[SourceVersionDate "2023.11.29"]
[SourceQuality "1"]

1. e4 c5 2. Nf3 e6 3. c3 Nf6 4. e5 Nd5 5. d4 cxd4 6. cxd4 d6 7. a3 Nc6 8. Bd3 g6 9. Qe2 Bg7 10. 0-0 0-0 11. Qe4 f5 12. exf6 Qxf6 13. Bg5 Qf5 14. Be3 Nf6 15. Qxf5 gxf5 16. Nc3 Bd7 17. Rfd1 d5 18. Rac1 Ne4 19. g3 Be8 20. Be2 Bh5 21. Ng5 Nxc3 22. Bxh5 Nxd1 23. Rxd1 Rf6 24. Bf4 Bh6 25. h4 Bxg5 26. hxg5 Rff8 27. Re1 Nxd4 28. Be5 Nc6 29. Bd6 e5 30. Bxf8 Rxf8 31. b4 a6 32. a4 e4 33. b5 axb5 34. axb5 Ne5 35. Rd1 Rd8 36. Rd4 Kf8 37. Bd1 Ke7 38. Kg2 Kd6 39. Rb4 Kc5 40. Rb2 d4 41. Kf1 Nc4 42. Bb3 Nxb2 0-1

[Event "Warsaw Szansa rapid op"]
[Site "Warsaw"]
[Date "2023.09.17"]
[Round "5"]
[White "Zochowski, Kacper"]
[Black "Barwinska, Ewa"]
[Result "1-0"]
[WhiteElo "2256"]
[BlackElo "2030"]
[PlyCount "108"]
[EventDate "2023.09.17"]
[EventType "swiss (rapid)"]
[EventRounds "9"]
[EventCountry "POL"]
[SourceTitle "EXT 2024"]
[Source "ChessBase"]
[SourceDate "2023.10.10"]
[SourceVersion "1"]
[SourceVersionDate "2023.10.10"]
[SourceQuality "1"]

1. Nf3 c5 2. c4 Nc6 3. b3 e5 4. Bb2 d6 5. Nc3 Be6 6. g3 f5 7. d3 Be7 8. Bg2 h6 9. 0-0 Nf6 10. Nh4 0-0 11. Ng6 Re8 12. e3 Bf7 13. Nxe7+ Qxe7 14. a3 Rad8 15. Nd5 Nxd5 16. cxd5 Nb8 17. b4 Nd7 18. bxc5 Nxc5 19. d4 Ne4 20. f3 Nf6 21. e4 fxe4 22. fxe4 exd4 23. Qxd4 Bg6 24. Rae1 a6 25. Bh3 Kh7 26. Be6 b5 27. Rf4 Qb7 28. Qf2 Rf8 29. Bxf6 Rxf6 30. Rxf6 gxf6 31. Qxf6 Re8 32. h4 Qg7 33. Qxg7+ Kxg7 34. Kf2 Kf6 35. Ke3 Ke5 36. Kf3 Rf8+ 37. Kg4 Bxe4 38. Kh5 Kd4 39. Kxh6 Bxd5 40. Rd1+ Kc3 41. Bxd5 a5 42. g4 b4 43. axb4 axb4 44. g5 Kc2 45. Rg1 Rh8+ 46. Kg7 Rxh4 47. g6 Rd4 48. Rg2+ Kc3 49. Rg3+ Kc2 50. Bb3+ Kc1 51. Kf8 Rf4+ 52. Ke7 Kb2 53. g7 Re4+ 54. Kxd6 Re8 1-0

[Event "POL-chT 2nd League"]
[Site "Jastrzebia Gora"]
[Date "2023.09.09"]
[Round "8.120"]
[White "Tarnowska, Aleksandra"]
[Black "Barwinska, Ewa"]
[Result "0-1"]
[WhiteElo "1860"]
[BlackElo "2030"]
[PlyCount "78"]
[EventDate "2023.09.02"]
[EventType "team-swiss"]
[EventRounds "9"]
[EventCountry "POL"]
[SourceTitle "EXT 2024"]
[Source "ChessBase"]
[SourceDate "2023.10.10"]
[SourceVersion "1"]
[SourceVersionDate "2023.10.10"]
[SourceQuality "1"]
[WhiteTeam "Zory Roszada"]
[BlackTeam "Kalisz KTS"]
[WhiteTeamCountry "POL"]
[BlackTeamCountry "POL"]

1. e4 c5 2. Nf3 d6 3. Bb5+ Nd7 4. 0-0 a6 5. Be2 Ngf6 6. d3 g6 7. a4 b6 8. c3 Bg7 9. Nbd2 Bb7 10. Re1 0-0 11. Bf1 e5 12. d4 exd4 13. cxd4 cxd4 14. Nxd4 Re8 15. f3 d5 16. exd5 Nxd5 17. Rxe8+ Qxe8 18. Nc4 Qe7 19. Nc2 Re8 20. Bd2 Ne5 21. Qe1 Qc7 22. Qg3 Rc8 23. N4e3 Qd6 24. Qf2 Nd7 25. Nc4 Qc7 26. Re1 Nc5 27. a5 b5 28. N4e3 Nf4 29. Nb4 Bxb2 30. Ng4 Bg7 31. g3 Nfe6 32. Bh6 Bd4 33. Be3 Bg7 34. Bh6 Qd6 35. Nc2 Nd3 36. Bxd3 Qxd3 37. Nce3 Nd4 38. Bxg7 Nxf3+ 39. Kg2 Ng5+ 0-1

[Event "POL-ch Blitz U18 Girls"]
[Site "Bydgoszcz"]
[Date "2023.08.31"]
[Round "8"]
[White "Barwinska, Ewa"]
[Black "Obrochta, Lena"]
[Result "1-0"]
[WhiteElo "1996"]
[BlackElo "1683"]
[PlyCount "85"]
[EventDate "2023.08.28"]
[EventType "swiss"]
[EventRounds "9"]
[EventCountry "POL"]
[SourceTitle "EXT 2024"]
[Source "ChessBase"]
[SourceDate "2023.10.10"]
[SourceVersion "1"]
[SourceVersionDate "2023.10.10"]
[SourceQuality "1"]

1. e4 c5 2. Nf3 e6 3. d3 Nc6 4. g3 g6 5. Bg2 Bg7 6. 0-0 Nge7 7. Re1 d6 8. c3 e5 9. a4 0-0 10. Na3 h6 11. Nc2 d5 12. exd5 Nxd5 13. d4 cxd4 14. cxd4 Bg4 15. h3 Bxf3 16. Qxf3 Ndb4 17. Nxb4 Nxb4 18. Qb3 Nc6 19. dxe5 Nxe5 20. Bxh6 Bxh6 21. Rxe5 Bg7 22. Ree1 Rb8 23. Rad1 Qc7 24. Be4 b6 25. Bxg6 Qc6 26. Be4 Qf6 27. Re2 a6 28. Bg2 b5 29. a5 b4 30. Rde1 Rb5 31. Bh1 Rxa5 32. Qxb4 Rf5 33. Bg2 Rc8 34. Qd2 Rd8 35. Re8+ Rxe8 36. Rxe8+ Kh7 37. Be4 Bh6 38. Bxf5+ Qxf5 39. Qe1 Qxh3 40. Qe4+ Kg7 41. Qe5+ Kg6 42. Rg8+ Kh7 43. Qh8# 1-0

[Event "POL-ch Blitz U18 Girls"]
[Site "Bydgoszcz"]
[Date "2023.08.31"]
[Round "1"]
[White "Barwinska, Ewa"]
[Black "Sivickis, Kornelia"]
[Result "1-0"]
[WhiteElo "1996"]
[BlackElo "1351"]
[PlyCount "113"]
[EventDate "2023.08.28"]
[EventType "swiss"]
[EventRounds "9"]
[EventCountry "POL"]
[SourceTitle "EXT 2024"]
[Source "ChessBase"]
[SourceDate "2023.10.10"]
[SourceVersion "1"]
[SourceVersionDate "2023.10.10"]
[SourceQuality "1"]

1. e4 c5 2. Nf3 d6 3. c3 Nf6 4. h3 a6 5. Bd3 e6 6. Bc2 Be7 7. 0-0 0-0 8. d4 cxd4 9. cxd4 b5 10. Re1 Bb7 11. a3 Nbd7 12. Nc3 Qc7 13. Bf4 e5 14. Bg3 Rfe8 15. Rc1 Qb8 16. Bb3 Bd8 17. Qd3 Ba5 18. Re2 Bxc3 19. bxc3 Qd8 20. Ng5 Rf8 21. Qc2 h6 22. Nf3 exd4 23. Nxd4 Ne5 24. f4 Nc4 25. Bxc4 bxc4 26. Nf5 Qc7 27. Rce1 Rad8 28. Kh2 Qc6 29. e5 dxe5 30. fxe5 Nd5 31. e6 fxe6 32. Rxe6 Qc8 33. R6e5 Nf6 34. Ne7+ Kh8 35. Nxc8 Rxc8 36. Re7 Bc6 37. Qg6 Rg8 38. Be5 Rcf8 39. Bxf6 Rxf6 40. Qg3 Bb5 41. R1e6 Rxe6 42. Rxe6 Bd7 43. Rd6 Bf5 44. Qf4 Bh7 45. Qf7 Bd3 46. Re6 Bc2 47. Re8 Rxe8 48. Qxe8+ Kh7 49. Qc6 Bb3 50. Qxa6 Kg8 51. Qe6+ Kf8 52. a4 Bxa4 53. Qxc4 Be8 54. Qf4+ Bf7 55. c4 Ke7 56. c5 Bd5 57. Qd6+ 1-0

[Event "POL-ch Blitz U18 Girls"]
[Site "Bydgoszcz"]
[Date "2023.08.31"]
[Round "7"]
[White "Goraj, Barbara"]
[Black "Barwinska, Ewa"]
[Result "1/2-1/2"]
[WhiteElo "2115"]
[BlackElo "1996"]
[PlyCount "105"]
[EventDate "2023.08.28"]
[EventType "swiss"]
[EventRounds "9"]
[EventCountry "POL"]
[SourceTitle "EXT 2024"]
[Source "ChessBase"]
[SourceDate "2023.10.10"]
[SourceVersion "1"]
[SourceVersionDate "2023.10.10"]
[SourceQuality "1"]

1. e4 c5 2. Nf3 d6 3. d4 cxd4 4. Nxd4 Nf6 5. Nc3 a6 6. h4 e5 7. Nb3 Be7 8. Bg5 Nbd7 9. Qd2 b5 10. a4 b4 11. Nd5 h6 12. Bxf6 Nxf6 13. Nxf6+ Bxf6 14. Qxb4 0-0 15. Bc4 Bxh4 16. Rd1 Be7 17. Bd5 Ra7 18. Na5 Bd7 19. Nc4 a5 20. Qb3 Qc7 21. 0-0 Be6 22. Qd3 Rd8 23. b3 Qc5 24. Qe3 Qxe3 25. Nxe3 Rc7 26. Rd3 g6 27. Rfd1 Kg7 28. Nc4 Rc5 29. R1d2 g5 30. Kf1 h5 31. Kg1 Kg6 32. f3 Kg7 33. Kf2 Kg6 34. Rd1 Kg7 35. c3 Rdc8 36. R1d2 Kg6 37. Ke1 Kg7 38. Kd1 g4 39. Kc2 Kg6 40. Bxe6 fxe6 41. Nxd6 Bxd6 42. Rxd6 Rxc3+ 43. Kb2 Kf6 44. fxg4 hxg4 45. Ra6 Rb8 46. Rxa5 Rbxb3+ 47. Ka2 Ra3+ 48. Kb2 Rab3+ 49. Ka2 Ra3+ 50. Kb2 Rab3+ 51. Ka2 Ra3+ 52. Kb2 Rab3+ 53. Ka2 1/2-1/2